000
00423nam a2200157Ia 4500
008
090124s9999 xx 000 0 und d
082
_b
21182
_a
293
245
_a
जमीन आणि माती
250
_a
0
260
_c
1969
300
_a
170
630
_a
जमीन आणि माती
700
_a
वैद्य गो.वि.
730
_a
जमीन आणि माती
942
_c
BOOK
999
_c
134969
_d
134969